[Event "Wroclaw Anderssen Memorial op"]
[Site "Wroclaw"]
[Date "2022.07.30"]
[Round "3"]
[White "Ochman, Sebastian"]
[Black "Tsviatko, Artem"]
[Result "0-1"]
[WhiteElo "1825"]
[BlackElo "1119"]
[PlyCount "38"]
[EventDate "2022.07.30"]
[EventType "swiss (rapid)"]
[EventRounds "9"]
[EventCountry "POL"]
[SourceTitle "CBM 209 Extra"]
[Source "ChessBase"]
[SourceDate "2022.09.30"]
[SourceVersion "1"]
[SourceVersionDate "2022.09.30"]
[SourceQuality "1"]

1. c4 Nf6 2. g3 c6 3. Bg2 e6 4. Nf3 d5 5. Qc2 Be7 6. 0-0 Nbd7 7. d4 dxc4 8. Qxc4 Nb6 9. Qc2 0-0 10. Nc3 Bd7 11. e4 Rc8 12. e5 Nfd5 13. Ne4 Qc7 14. Neg5 g6 15. Ne4 c5 16. Bh6 Rfe8 17. Rac1 cxd4 18. Qxc7 Rxc7 19. Rxc7 Nxc7 0-1